Statystyki dla 15 najbardziej dotkniętych krajów Covid-19 - 17 grudnia

Kliknij tutaj aby rozwiązać quiz!

Ogólne statystyki

  • Ten quiz został rozwiązany 21 razy
  • Średni wynik to 13 z 28

Statystyki odpowiedzi

kraj% Poprawnych
Stany Zjednoczone
100%
Polska
95%
Niemcy
84%
Rosja
84%
Francja
79%
Hiszpania
79%
Brazylia
74%
Indie
74%
Wielka Brytania
68%
Włochy
63%
Meksyk
58%
Argentyna
53%
Czechy
53%
Iran
53%
Belgia
47%
Holandia
37%
Kolumbia
37%
Szwajcaria
37%
Turcja
21%
Bahrajn
16%
Chorwacja
16%
Gruzja
16%
Katar
16%
Litwa
16%
Słowenia
16%
Armenia
11%
Izrael
11%
Panama
11%

Rozkład punktacji

Percentyl według liczby udzielonych odpowiedzi

Procent ludzi z każdym wynikiem

Twoja historia wyników

Nie rozwiązałeś tego quizu